Revista Latinoamericana de Estudios Educativos

Detalles Bibliográficos
Formato: Revista
Lenguaje:español
Publicado: Obregn̤ : Centro de Estudio Educativos, 1971-
Materias:
Acceso en línea:http://www.vlex.com/source/7243

MARC

LEADER 00000nas a22000007a 4500
005 20130322101553.0
007 cr|||| ||||
008 130322c19719999mx fr|p s|||| 0|||b1spa d
022 |a 1851284  
035 |a 7243 
040 |a vLex 
090 |c 3989  |d 3989 
245 0 0 |a Revista Latinoamericana de Estudios Educativos  |h [Recurso electrn̤ico]  
256 |a Servicio en ln̕ea 
260 |a Obregn̤ :  |b Centro de Estudio Educativos,   |c 1971- 
300 |a 1 Recurso electrn̤ico 
506 |d vLex Global  |d vLex Global (Academic Edition, excluding Law Schools)  |d vLex Global (U.S. Academic Edition, Law Schools)  |d vLex Global (U.S. Academic Edition, excluding Law Schools)  |d vLex Global (Academic Edition, Law Schools) 
650 0 4 |a Padagoga̕  |v Revistas 
650 0 4 |a Ciencias sociales  |v Revistas 
740 |a vLex Revistas (Servicio en ln̕ea) 
856 |a Acceso restringido  |u http://www.vlex.com/source/7243 
942 |c REV 
999 0 |a Education